000 00435nam a22001697a 4500
999 _c525670
_d525670
003 NUST
020 _c(Hbk)
038 _aM. Shaban
082 _a915.47
_bRAZ
100 _aRaza Ali Abidi
_916605
245 _aSher dria /
_cRaza Ali Abidi
260 _aLahore :
_bSang e Meel Publications,
_c1996.
300 _a341 p. ;
880 _6100-01\r
_aرضا علی عابدی
880 _6245-02\r
_aشیر دریا /
942 _2ddc
_cBK